Online Catalogue and eLibrary

Dravida Iyakkum - Valarchiyum Talarchiyum (Record no. 4229)

MARC details
000 -LEADER
fixed length control field 00430nam a2200145Ia 4500
005 - DATE AND TIME OF LATEST TRANSACTION
control field 20250305034727.0
008 - FIXED-LENGTH DATA ELEMENTS--GENERAL INFORMATION
fixed length control field 240331s9999 xx 000 0 und d
082 ## - DDC Classification
Item Number - Author Mark AND
DDC Edition Number 5447
Class No. 920
100 ## - MAIN ENTRY--PERSONAL NAME
Personal name Andi, R
245 #0 - TITLE STATEMENT
Title Dravida Iyakkum - Valarchiyum Talarchiyum
260 ## - PUBLICATION, DISTRIBUTION, ETC.
Place of publication, distribution, etc. Tamil Nadu
Name of publisher, distributor, etc. Oviakil Pathippagam
Date of publication, distribution, etc. 2003
300 ## - PHYSICAL DESCRIPTION
Extent (e.g. Volumes, Pages etc.) xx, 368 p.,
500 ## - GENERAL NOTE
General note The contemporary experience of the history of Dravidian movement.
942 ## - Koha item type (Biblio)
Koha item type Books in Stacks (Lending)
Holdings
Lost status Damaged status Collection code Home library Current library Shelving location Date acquired Full call number Accession Number Item type
    Lending WERC Library WERC Library Social Science Cupboard 03/31/2024 920 AND 5447 Books in Stacks (Lending)

© WERC Library